|
|
|
|
| LEADER |
00000nab a2200000 a 4500 |
| 001 |
vtls000726547 |
| 003 |
SK-MaSNL |
| 005 |
20260305035453.0 |
| 008 |
250505c1999 xo 0 slo |
| 015 |
|
|
|a SNBRB2000/09-20064
|
| 035 |
|
|
|a CLN000078705
|
| 035 |
|
|
|a urn:nbn:sk:snk-aba838
|
| 035 |
|
|
|a (urnnbn)urn:nbn:sk:snk:ar-a09k2d
|
| 035 |
|
|
|a (uuid)508a4d55-fd05-4590-941f-d4ef5997c336
|
| 040 |
|
|
|a SNKBUCL
|b slo
|c SNKBUCL
|e AACR2
|
| 041 |
0 |
|
|a ger
|
| 044 |
|
|
|a xo
|c SK
|
| 080 |
|
|
|a 936.4:069.6.02(048)
|2 1997
|
| 080 |
|
|
|a 069.6.02(436)(048)
|2 1997
|
| 100 |
1 |
|
|a Kolníková, Eva,
|d 1935-
|4 aut
|9 26935
|
| 245 |
1 |
0 |
|a Dembski, G. Münzen der Kelten
|c Eva Kolníková
|
| 504 |
|
|
|a Bibliogr. odkazy
|
| 610 |
2 |
7 |
|a Kunsthistorické múzeum (Viedeň, Rakúsko)
|2 snkbucl
|9 1425729
|
| 650 |
0 |
7 |
|a Kelti
|2 snkbucl
|9 21276
|
| 650 |
0 |
7 |
|a keltské mince
|2 snkbucl
|9 54575
|
| 655 |
|
7 |
|a články z novín a časopisov
|2 snkbucl
|9 267496
|
| 773 |
0 |
|
|t Slovenská archeológia
|g Roč. 47, č. 1 (1999), s. 190-194
|x 1335-0102
|
| 787 |
0 |
8 |
|i Rec.:
|a Dembski, Günther
|t Münzen der Kelten
|d Wien : Kunsthistorisches Museum, 1998
|
| 850 |
|
|
|a Slovenská národná knižnica
|
| 852 |
|
|
|a Slovenská národná knižnica
|
| 958 |
|
|
|a article13
|
| 958 |
|
|
|a RC
|
| 958 |
|
|
|a AT
|
| 958 |
|
|
|a OND
|
| 958 |
|
|
|a EUIPO
|
| 992 |
|
|
|a RBX
|
| 999 |
|
|
|c 3333968
|d 3335898
|